| 000 | 00898cam a2200229 4500 | ||
|---|---|---|---|
| 001 | WB3712-34 | ||
| 008 | 000000n2001 000 0 eng u | ||
| 035 | _a(Sirsi) u111484 | ||
| 245 | _aCall for guidance | ||
| 260 | _c2001 | ||
| 490 |
_aPlanning (for the Natural and Built Environment) _v(1410) 16 March 2001, 5(1) |
||
| 520 | _aA study of seven structure plans by the University of Strathclyde has recommended that the Scottish Executive should provide national guidance for urban regeneration. The report, "Urban regeneration and strategic planning", is available from the University of Strathclyde priced £6.50. Tel: 0141 548 3640. | ||
| 590 | _aWB | ||
| 650 | _aNATIONAL PLANNING POLICY GUIDANCE | ||
| 650 | _aNPPGS | ||
| 650 | _aSCOTLAND | ||
| 650 | _aSTRATEGIC PLANNING | ||
| 650 | _aSTRUCTURE PLANS | ||
| 650 | _aURBAN REGENERATION | ||
| 690 | _aREGENERATION | ||
| 942 | _n0 | ||
| 999 |
_c66429 _d66429 |
||